000 01239nam0a22003131 4500
001 v19\rc\1750132
005 20250619115603.0
035 _a(NLR Aleph) 004894898
090 _a5310945
_c5310945
100 _a20061204e19021902|||y0rusy50 ca
101 0 _arus
102 _aRU
105 _ay z |||||
200 1 _aVitiligo у душевнобольной
_f[Соч.] Д-ра В.И. Руднева
_gИз Одес. психиатр. больницы
210 _aКазань
_cтипо-лит. Ун-та
_d1902
215 _a5 с.
_d22
309 _aБез тит. л. и обл.
311 _aОтт. из "Казан. мед. журн." 1902, т. 2, июль-авг.
320 _aБиблиогр.: с. 4-5
488 0 _12001#$aКазанский медицинский журнал$v1902, т. 2, июль-авг.
_tКазанский медицинский журнал
700 1 _4220
_aРуднев
_bВ. И.
_cд-р мед. наук
_f1870-1951
_gВладимир Иванович
_9138976
_3RU\NLR\AUTH\770139011
801 0 _aRU
_bNLR
_gpsbo
801 0 _aRU
_bRuMoRGB
_2psbo
801 1 _aRU
_bProSoft-M
_2rusmarc
852 _aNLR
_j34.84.5.304
899 _aRuMoRGB
_jU 25/1212
899 _aБАН
942 _cBOOK
980 _aNB